[Event "Quebec op U2400"]
[Site "Montreal CAN"]
[Date "2008.07.26"]
[Round "8"]
[White "Peev, Pavel"]
[Black "Fareh, Youness"]
[Result "0-1"]
[WhiteElo "1899"]
[BlackElo "2178"]
[PlyCount "134"]
[GameId "2160767910353764"]
[EventDate "2008.07.19"]
[EventType "swiss"]
[EventRounds "9"]
[EventCountry "CAN"]
[SourceTitle "EXT 2011"]
[Source "ChessBase"]
[SourceDate "2011.11.26"]
[SourceVersion "1"]
[SourceVersionDate "2011.11.26"]
[SourceQuality "1"]

1. e4 c5 2. Nf3 e6 3. d4 cxd4 4. Nxd4 Nf6 5. Nc3 Nc6 6. Ndb5 Bb4 7. a3 Bxc3+ 8. Nxc3 d5 9. exd5 exd5 10. Bd3 O-O 11. O-O d4 12. Ne2 Bg4 13. Bg5 Qd6 14. Qd2 Rfe8 15. Ng3 Rad8 16. Rfe1 h6 17. Bf4 Qf8 18. h3 Bc8 19. Ne4 Nxe4 20. Bxe4 Be6 21. Bxc6 bxc6 22. Qa5 Qe7 23. Re5 Rd5 24. Qe1 Qd7 25. Rd1 c5 26. Rd2 Rxe5 27. Qxe5 Bd5 28. Qh5 Qc6 29. f3 Re6 30. c3 g5 31. Bg3 Re3 32. h4 Rxf3 33. Be5 Rf5 34. cxd4 cxd4 35. Bxd4 Qc1+ 36. Qd1 Qxd1+ 37. Rxd1 gxh4 38. Bf2 h3 39. gxh3 Rg5+ 40. Kf1 Bc4+ 41. Ke1 Re5+ 42. Kd2 Re2+ 43. Kc3 Rxf2 44. Kxc4 Rxb2 45. Rd7 Rh2 46. Rd3 Rf2 47. Kd5 Kg7 48. Ke4 Rf6 49. Ke5 h5 50. h4 Rg6 51. Kf5 Rg4 52. Rh3 a6 53. Ke5 Kg6 54. Rf3 a5 55. Rf6+ Kg7 56. Ra6 Ra4 57. Kf5 Rxa3 58. Kg5 Ra1 59. Kxh5 a4 60. Ra7 a3 61. Ra6 a2 62. Ra7 Kf8 63. Kh6 f5 64. h5 f4 65. Kh7 f3 66. Ra3 Ke7 67. h6 f2 0-1

[Event "Quebec op U2400"]
[Site "Montreal CAN"]
[Date "2008.07.26"]
[Round "8"]
[White "Plotkin, Victor"]
[Black "Robichaud, Louis"]
[Result "1-0"]
[WhiteElo "2202"]
[BlackElo "2129"]
[PlyCount "101"]
[GameId "2160767910353765"]
[EventDate "2008.07.19"]
[EventType "swiss"]
[EventRounds "9"]
[EventCountry "CAN"]
[SourceTitle "EXT 2011"]
[Source "ChessBase"]
[SourceDate "2011.11.26"]
[SourceVersion "1"]
[SourceVersionDate "2011.11.26"]
[SourceQuality "1"]

1. e4 e5 2. Nf3 Nc6 3. Bc4 Bc5 4. O-O Nf6 5. Re1 O-O 6. c3 d6 7. d3 Qe7 8. Nbd2 Be6 9. Bb3 Rad8 10. Nf1 Bb6 11. Ng3 Rfe8 12. Bc2 h6 13. h3 Kh7 14. d4 Bc8 15. Be3 g6 16. Nh2 Ng8 17. f4 Qh4 18. Ne2 exd4 19. cxd4 f5 20. Nf3 Qe7 21. Ng3 Qf7 22. exf5 Bxf5 23. Nxf5 gxf5 24. Nh4 Rxe3 25. Rxe3 Nxd4 26. Bd3 Nf6 27. Kh2 Nd5 28. Re1 Nxf4 29. Rf1 Nxd3 30. Qxd3 Rf8 31. Nxf5 Qg6 32. g4 Nc6 33. Rae1 Ne5 34. Qe4 Re8 35. Kg2 h5 36. Nh4 Qxe4+ 37. Rxe4 hxg4 38. hxg4 Rg8 39. Kh3 Rg7 40. Rf5 c6 41. Nf3 Nxf3 42. Rxf3 d5 43. Ref4 Bd8 44. Rf7 Kg6 45. Rxg7+ Kxg7 46. Rf5 a5 47. g5 a4 48. Kg4 Bb6 49. Re5 Kf7 50. Kf5 Bd4 51. g6+ 1-0

[Event "Quebec op U2400"]
[Site "Montreal CAN"]
[Date "2008.07.26"]
[Round "8"]
[White "Ramaswamy, Kishor"]
[Black "Gluckie, Jamin"]
[Result "1-0"]
[WhiteElo "2125"]
[BlackElo "2114"]
[PlyCount "59"]
[GameId "2160767910353766"]
[EventDate "2008.07.19"]
[EventType "swiss"]
[EventRounds "9"]
[EventCountry "CAN"]
[SourceTitle "EXT 2011"]
[Source "ChessBase"]
[SourceDate "2011.11.26"]
[SourceVersion "1"]
[SourceVersionDate "2011.11.26"]
[SourceQuality "1"]

1. d4 g6 2. Nf3 Bg7 3. Bg5 c5 4. c3 d5 5. e3 Qb6 6. Qb3 c4 7. Qc2 Bf5 8. Qc1 h6 9. Bf4 Nc6 10. h3 Nf6 11. Nbd2 Rc8 12. Be2 O-O 13. O-O Nd7 14. Bd1 e5 15. dxe5 Ndxe5 16. Nxe5 Nxe5 17. Bxe5 Bxe5 18. Bc2 Bxc2 19. Qxc2 f5 20. Nf3 Bb8 21. Rad1 Qd6 22. Rd4 Rc5 23. g3 g5 24. Kg2 Re8 25. Qxf5 Rf8 26. Qg4 Qf6 27. h4 Qg6 28. hxg5 h5 29. Nh4 Qc2 30. Qe6+ 1-0

[Event "Quebec op U2400"]
[Site "Montreal CAN"]
[Date "2008.07.26"]
[Round "8"]
[White "Rosen, Matthew"]
[Black "Voskanyan, Vahagn"]
[Result "0-1"]
[WhiteElo "2170"]
[BlackElo "2253"]
[PlyCount "66"]
[GameId "2160767910353767"]
[EventDate "2008.07.19"]
[EventType "swiss"]
[EventRounds "9"]
[EventCountry "CAN"]
[SourceTitle "EXT 2011"]
[Source "ChessBase"]
[SourceDate "2011.11.26"]
[SourceVersion "1"]
[SourceVersionDate "2011.11.26"]
[SourceQuality "1"]

1. Nf3 c5 2. c4 Nc6 3. e3 Nf6 4. d4 cxd4 5. exd4 d5 6. Nc3 e6 7. Bg5 Be7 8. Rc1 O-O 9. Bd3 dxc4 10. Bxc4 b6 11. O-O Bb7 12. a3 Rc8 13. Ba2 Nd5 14. Ne4 h6 15. Bxe7 Ncxe7 16. Rxc8 Bxc8 17. Qd3 Nf4 18. Qd2 Neg6 19. Rd1 Bb7 20. Qe3 Qa8 21. Re1 Rd8 22. Bb1 Qc8 23. Ne5 Qc7 24. g3 Nd5 25. Qc1 Nxe5 26. dxe5 Qxe5 27. Nc3 Qh5 28. Nd1 Rc8 29. Qd2 Nf6 30. Re3 Ng4 31. Rc3 Qxh2+ 32. Kf1 Ba6+ 33. Bd3 Rd8 0-1

[Event "Quebec op U2400"]
[Site "Montreal CAN"]
[Date "2008.07.26"]
[Round "8"]
[White "Villalobos, Oscar"]
[Black "Barron, Irina"]
[Result "0-1"]
[WhiteElo "2028"]
[BlackElo "2106"]
[PlyCount "123"]
[GameId "2160767910353768"]
[EventDate "2008.07.19"]
[EventType "swiss"]
[EventRounds "9"]
[EventCountry "CAN"]
[SourceTitle "EXT 2011"]
[Source "ChessBase"]
[SourceDate "2011.11.26"]
[SourceVersion "1"]
[SourceVersionDate "2011.11.26"]
[SourceQuality "1"]

1. Nf3 d5 2. g3 g6 3. Bg2 Bg7 4. d3 e5 5. Bg5 f6 6. Bc1 Ne7 7. Nbd2 Be6 8. c4 c6 9. b4 O-O 10. O-O Nd7 11. a4 h6 12. e4 Kh7 13. Bb2 Qe8 14. Re1 d4 15. c5 Qf7 16. Rc1 Nc8 17. b5 cxb5 18. axb5 Rd8 19. Ba3 Bf8 20. Qa4 b6 21. Nxd4 Bxc5 22. Nc6 Re8 23. d4 Bxa3 24. Qxa3 exd4 25. Nxd4 Nc5 26. Nxe6 Qxe6 27. e5 Rb8 28. exf6 Qxe1+ 29. Rxe1 Rxe1+ 30. Nf1 Re6 31. f7 Ne7 32. Qxa7 Rf8 33. Ne3 Nc8 34. Qb8 Kg7 35. Bh3 Ne7 36. Qc7 Nf5 37. Nd5 Rxf7 38. Qb8 Nd7 39. Qc8 Rd6 40. Nf4 Nc5 41. Qb8 Rd1+ 42. Kg2 Nd7 43. Qc7 Kh7 44. Qc2 Rd6 45. Qc7 Rd2 46. Qc6 Ne3+ 47. Kf3 Ne5+ 48. Kxe3 Nxc6 49. Kxd2 Nd4 50. Nd5 Nxb5 51. f4 Rb7 52. f5 Nd6 53. fxg6+ Kxg6 54. Kd3 b5 55. Kd4 b4 56. Nxb4 Rxb4+ 57. Kc5 Rb2 58. Kxd6 Rxh2 59. Bc8 Rc2 60. Be6 Kf6 61. Bg4 Rd2+ 62. Kc5 0-1

[Event "Quebec op U2400"]
[Site "Montreal CAN"]
[Date "2008.07.26"]
[Round "9"]
[White "Caceres Cortes, Julio"]
[Black "Peev, Pavel"]
[Result "0-1"]
[WhiteElo "2092"]
[BlackElo "1899"]
[PlyCount "72"]
[GameId "2160767910353769"]
[EventDate "2008.07.19"]
[EventType "swiss"]
[EventRounds "9"]
[EventCountry "CAN"]
[SourceTitle "EXT 2011"]
[Source "ChessBase"]
[SourceDate "2011.11.26"]
[SourceVersion "1"]
[SourceVersionDate "2011.11.26"]
[SourceQuality "1"]

1. e4 c5 2. Nf3 d6 3. d4 cxd4 4. Nxd4 Nf6 5. Nc3 g6 6. f4 Nc6 7. Nxc6 bxc6 8. e5 Nd7 9. exd6 exd6 10. Be3 Be7 11. Qd2 Nf6 12. O-O-O O-O 13. h3 Be6 14. Bd3 Qa5 15. a3 Rab8 16. Nb1 Qc7 17. f5 Bd5 18. c4 Be4 19. Nc3 d5 20. Bxe4 Nxe4 21. Nxe4 dxe4 22. Qc3 Qg3 23. fxg6 hxg6 24. Bd4 Bg5+ 25. Kb1 Qxc3 26. Bxc3 Rfd8 27. g4 Rxd1+ 28. Rxd1 Rd8 29. Re1 e3 30. h4 Bf4 31. h5 gxh5 32. gxh5 Bh6 33. Bb4 f5 34. Bc5 f4 35. Bxa7 f3 36. Rg1+ Kh7 0-1

[Event "Quebec op U2400"]
[Site "Montreal CAN"]
[Date "2008.07.26"]
[Round "9"]
[White "Fareh, Youness"]
[Black "Plotkin, Victor"]
[Result "1-0"]
[WhiteElo "2178"]
[BlackElo "2202"]
[PlyCount "123"]
[GameId "2160767910353770"]
[EventDate "2008.07.19"]
[EventType "swiss"]
[EventRounds "9"]
[EventCountry "CAN"]
[SourceTitle "EXT 2011"]
[Source "ChessBase"]
[SourceDate "2011.11.26"]
[SourceVersion "1"]
[SourceVersionDate "2011.11.26"]
[SourceQuality "1"]

1. c4 c5 2. Nc3 Nf6 3. g3 Nc6 4. Bg2 g6 5. Nf3 Bg7 6. O-O O-O 7. a3 b6 8. Rb1 a5 9. Nb5 Bb7 10. e3 d5 11. cxd5 Nxd5 12. Qa4 Qd7 13. Nc3 Nf6 14. Rd1 Rfd8 15. d4 cxd4 16. exd4 Rac8 17. Be3 Nd5 18. Nxd5 Qxd5 19. Ng5 Qd7 20. d5 Ne5 21. Qb3 b5 22. Bh3 f5 23. Bg2 a4 24. Qb4 Rc4 25. Qa5 Ra8 26. Qd2 Rac8 27. Ne6 Bf6 28. Bf4 Rc2 29. Qe1 Nc4 30. Bc1 Nxb2 31. Bxb2 Rxb2 32. Rxb2 Bxb2 33. Qb4 Bc3 34. Qf4 Bf6 35. h4 Qd6 36. Qh6 b4 37. h5 gxh5 38. Qxh5 Rf8 39. Qxf5 Rf7 40. Be4 bxa3 41. Bb1 Bc8 42. Qg4+ Kh8 43. Qh5 Rg7 44. Qe8+ Rg8 45. Qf7 Rxg3+ 46. Kf1 Ba6+ 47. Bd3 Bxd3+ 48. Rxd3 Qa6 49. Nc5 Qxd3+ 50. Nxd3 a2 51. fxg3 a1=Q+ 52. Ne1 h6 53. Qe8+ Kg7 54. d6 exd6 55. Qd7+ Kg6 56. Qe8+ Kg7 57. Qd7+ Kg6 58. Qe8+ Kf5 59. Kg2 Qe5 60. Qc8+ Qe6 61. g4+ Ke5 62. Nd3+ 1-0

[Event "Quebec op U2400"]
[Site "Montreal CAN"]
[Date "2008.07.26"]
[Round "9"]
[White "Gluckie, Jamin"]
[Black "Courval, Francois"]
[Result "1/2-1/2"]
[WhiteElo "2114"]
[BlackElo "1966"]
[PlyCount "87"]
[GameId "2160767910353771"]
[EventDate "2008.07.19"]
[EventType "swiss"]
[EventRounds "9"]
[EventCountry "CAN"]
[SourceTitle "EXT 2011"]
[Source "ChessBase"]
[SourceDate "2011.11.26"]
[SourceVersion "1"]
[SourceVersionDate "2011.11.26"]
[SourceQuality "1"]

1. d4 f5 2. Nc3 Nf6 3. Bg5 d5 4. f3 Nc6 5. Qd2 g6 6. O-O-O Bg7 7. Bh6 O-O 8. Nh3 b6 9. Bxg7 Kxg7 10. Nf4 Qd7 11. h4 Ba6 12. h5 Rh8 13. e4 Bxf1 14. Rhxf1 dxe4 15. d5 Ne5 16. h6+ Kf7 17. Qd4 Qd6 18. fxe4 c5 19. Qa4 a6 20. Nd3 b5 21. Nxe5+ Qxe5 22. Qb3 b4 23. d6+ e6 24. exf5 bxc3 25. Qxe6+ Qxe6 26. fxe6+ Kxe6 27. Rde1+ Kxd6 28. Rxf6+ Kd5 29. bxc3 Ra7 30. Ref1 Re8 31. Rf7 Ree7 32. Rxe7 Rxe7 33. Rf6 Re1+ 34. Kb2 Rh1 35. Rxa6 Rxh6 36. a4 Rh2 37. a5 Rxg2 38. Ra7 Kc6 39. c4 Rd2 40. Rxh7 Rd7 41. Rh6 Rg7 42. Kb3 Kb7 43. Ka4 Ka6 44. c3 1/2-1/2

[Event "Quebec op U2400"]
[Site "Montreal CAN"]
[Date "2008.07.26"]
[Round "9"]
[White "Hambleton, Aman"]
[Black "Tot, Nandor"]
[Result "0-1"]
[WhiteElo "2012"]
[BlackElo "1959"]
[PlyCount "134"]
[GameId "2160767910353772"]
[EventDate "2008.07.19"]
[EventType "swiss"]
[EventRounds "9"]
[EventCountry "CAN"]
[SourceTitle "EXT 2011"]
[Source "ChessBase"]
[SourceDate "2011.11.26"]
[SourceVersion "1"]
[SourceVersionDate "2011.11.26"]
[SourceQuality "1"]

1. d4 Nf6 2. c4 e6 3. Nf3 Bb4+ 4. Bd2 Qe7 5. a3 Bxd2+ 6. Qxd2 Ne4 7. Qc2 d5 8. e3 O-O 9. Nc3 Nxc3 10. Qxc3 c6 11. Bd3 Nd7 12. Rc1 Re8 13. O-O dxc4 14. Qxc4 e5 15. Nxe5 Nxe5 16. dxe5 Qxe5 17. Qc2 h6 18. Rfd1 Be6 19. h3 a5 20. Qc3 Qg5 21. Kh2 Bd5 22. Bf1 b5 23. Rd2 Re6 24. Qd4 Re4 25. Qc5 Rae8 26. g3 Qf6 27. Bxb5 R4e6 28. Rf1 Re5 29. Be2 Bg2 30. Qxe5 Qxe5 31. Kxg2 Re6 32. Rc1 g5 33. Rc3 Rf6 34. Rc4 Qf5 35. Bg4 Qb5 36. Rcd4 c5 37. Rd5 Kg7 38. Be2 Qb6 39. Bc4 Qc6 40. e4 Re6 41. f3 Re7 42. Rf5 Qa4 43. Rxc5 Rb7 44. Bd5 Re7 45. Rc3 Qd7 46. Rcd3 Qc7 47. a4 h5 48. Rf2 h4 49. gxh4 gxh4 50. f4 Qd7 51. b3 Qd6 52. Rdf3 Rc7 53. f5 Kf6 54. Bc4 Rc8 55. Kh1 Qd1+ 56. Rf1 Qd2 57. Rd3 Qc2 58. Rd7 Qxe4+ 59. Kh2 Qe5+ 60. Kh1 Rf8 61. Rf3 Qe4 62. Bd5 Qe1+ 63. Kh2 Rc8 64. Rxf7+ Kg5 65. Rg7+ Kh6 66. Rg6+ Kh7 67. Rf4 Qd2+ 0-1

[Event "Quebec op U2400"]
[Site "Montreal CAN"]
[Date "2008.07.26"]
[Round "9"]
[White "Hayder, Ali"]
[Black "Mai, Lloyd"]
[Result "0-1"]
[WhiteElo "2095"]
[BlackElo "2179"]
[PlyCount "104"]
[GameId "2160767910353773"]
[EventDate "2008.07.19"]
[EventType "swiss"]
[EventRounds "9"]
[EventCountry "CAN"]
[SourceTitle "EXT 2011"]
[Source "ChessBase"]
[SourceDate "2011.11.26"]
[SourceVersion "1"]
[SourceVersionDate "2011.11.26"]
[SourceQuality "1"]

1. d4 Nf6 2. c4 g6 3. Nc3 Bg7 4. e4 d6 5. Nf3 O-O 6. Be2 e5 7. dxe5 dxe5 8. Qxd8 Rxd8 9. Bg5 Re8 10. O-O-O h6 11. Bh4 g5 12. Bg3 Nh5 13. Nd5 Nxg3 14. hxg3 Na6 15. Ne3 Nc5 16. Nd2 a5 17. Nd5 Ne6 18. Bf3 Ra6 19. Bg4 Rc6 20. Kb1 Kf8 21. Bxe6 Bxe6 22. Rde1 f5 23. f3 Kf7 24. Nf1 Kg6 25. Nd2 Bf8 26. exf5+ Bxf5+ 27. Ne4 Kg7 28. g4 Bg6 29. Ne3 Rf6 30. Rhf1 Rd8 31. Nd5 Rf7 32. Ka1 c6 33. Ndc3 Bb4 34. Rd1 Rd4 35. a3 Bxc3 36. Nxc3 Rxc4 37. Rd6 e4 38. Re1 exf3 39. gxf3 Rxf3 40. Ree6 Rf1+ 41. Ka2 Bf7 42. Rd7 Rxc3 43. bxc3 Rf6 44. Rxf7+ Kxf7 45. Re5 b6 46. Re3 Rf4 47. Rh3 Kg6 48. Rd3 Rf6 49. Kb3 h5 50. gxh5+ Kxh5 51. a4 g4 52. c4 c5 0-1

[Event "Quebec op U2400"]
[Site "Montreal CAN"]
[Date "2008.07.26"]
[Round "9"]
[White "Le Duin, Thierry"]
[Black "Trottier, Alain"]
[Result "1-0"]
[WhiteElo "2096"]
[BlackElo "1920"]
[PlyCount "59"]
[GameId "2160767910353776"]
[EventDate "2008.07.19"]
[EventType "swiss"]
[EventRounds "9"]
[EventCountry "CAN"]
[SourceTitle "EXT 2011"]
[Source "ChessBase"]
[SourceDate "2011.11.26"]
[SourceVersion "1"]
[SourceVersionDate "2011.11.26"]
[SourceQuality "1"]

1. d4 Nf6 2. Nf3 g6 3. Bg5 Bg7 4. Nbd2 d5 5. e3 O-O 6. Bd3 c5 7. c3 Nc6 8. O-O Qb6 9. Qb3 Qc7 10. dxc5 Rd8 11. h3 Nd7 12. Qa3 h6 13. Bh4 Nde5 14. Nxe5 Qxe5 15. Be2 f5 16. Rfe1 g5 17. Bg3 Qf6 18. Nf3 e5 19. Bb5 Qe6 20. Rad1 Bd7 21. b4 Be8 22. Ba4 Bh5 23. Rd2 Bxf3 24. gxf3 f4 25. exf4 gxf4 26. Bxf4 Rf8 27. Bg3 Rxf3 28. Qc1 Qxh3 29. Bb3 Rxg3+ 30. fxg3 1-0

[Event "Quebec op U2400"]
[Site "Montreal CAN"]
[Date "2008.07.26"]
[Round "9"]
[White "Luksza, Arkadiusz"]
[Black "Caire, Francois"]
[Result "1-0"]
[WhiteElo "2129"]
[BlackElo "2183"]
[PlyCount "91"]
[GameId "2160767910353778"]
[EventDate "2008.07.19"]
[EventType "swiss"]
[EventRounds "9"]
[EventCountry "CAN"]
[SourceTitle "EXT 2011"]
[Source "ChessBase"]
[SourceDate "2011.11.26"]
[SourceVersion "1"]
[SourceVersionDate "2011.11.26"]
[SourceQuality "1"]

1. d4 Nf6 2. c4 e6 3. Nc3 Bb4 4. Qc2 O-O 5. e4 d5 6. e5 Ne4 7. Bd3 c5 8. a3 Bxc3+ 9. bxc3 cxd4 10. cxd4 Qa5+ 11. Kf1 f5 12. Ne2 Nc6 13. f3 h6 14. g3 Ng5 15. Kg2 Bd7 16. Rb1 Qc7 17. Bf4 Ne7 18. Rhc1 Bc6 19. Bxg5 hxg5 20. Qd2 g4 21. c5 gxf3+ 22. Kxf3 Ng6 23. Kg2 Nh8 24. Rf1 Nf7 25. Nf4 Rfe8 26. Ng6 Nh6 27. h3 Qd8 28. Be2 Kh7 29. Bh5 Rg8 30. Rb3 Be8 31. Nf4 g5 32. Rxb7+ Kh8 33. Bxe8 Qxe8 34. Nd3 Qh5 35. Qd1 Qg6 36. Qe2 f4 37. g4 Qe4+ 38. Qxe4 dxe4 39. Nf2 f3+ 40. Kg3 e3 41. Ne4 f2 42. Kf3 Rab8 43. Rxb8 Rxb8 44. Kxe3 Rb3+ 45. Kxf2 Rxh3 46. Rg1 1-0

[Event "Quebec op U2400"]
[Site "Montreal CAN"]
[Date "2008.07.26"]
[Round "9"]
[White "MacKinnon, Keith"]
[Black "Barron, Irina"]
[Result "1/2-1/2"]
[WhiteElo "2029"]
[BlackElo "2106"]
[PlyCount "92"]
[GameId "2160767910353779"]
[EventDate "2008.07.19"]
[EventType "swiss"]
[EventRounds "9"]
[EventCountry "CAN"]
[SourceTitle "EXT 2011"]
[Source "ChessBase"]
[SourceDate "2011.11.26"]
[SourceVersion "1"]
[SourceVersionDate "2011.11.26"]
[SourceQuality "1"]

1. e4 c5 2. Nf3 Nc6 3. d4 cxd4 4. Nxd4 Nf6 5. Nc3 d6 6. Bg5 e6 7. Qd2 a6 8. O-O-O Bd7 9. f4 b5 10. Bxf6 gxf6 11. f5 h5 12. Kb1 Qb6 13. Nxc6 Bxc6 14. fxe6 fxe6 15. Qf4 Be7 16. Bd3 O-O-O 17. Rhe1 Qb7 18. Re3 Rdg8 19. Qf1 Rg5 20. a4 Kd7 21. axb5 axb5 22. e5 Rxe5 23. Rxe5 fxe5 24. Nxb5 Bxg2 25. Nxd6 Bxf1 26. Nxb7 Bxd3 27. Rxd3+ Kc7 28. Na5 Rg8 29. Nc4 Rg5 30. Re3 Bd6 31. b3 Kc6 32. Kb2 Bc5 33. Rh3 e4 34. Kc3 Kd5 35. b4 Bd4+ 36. Kb3 Rf5 37. c3 Bf2 38. b5 Kc5 39. b6 h4 40. b7 Rf8 41. Ne5 Kd6 42. Ng4 e3 43. Nxe3 Bxe3 44. Rxe3 Rb8 45. Re4 Rxb7+ 46. Kc4 Rh7 1/2-1/2

[Event "Quebec op U2400"]
[Site "Montreal CAN"]
[Date "2008.07.26"]
[Round "9"]
[White "Me, Kevin"]
[Black "Bolvary, Tamara"]
[Result "0-1"]
[WhiteElo "1880"]
[BlackElo "2046"]
[PlyCount "73"]
[GameId "2160767910353780"]
[EventDate "2008.07.19"]
[EventType "swiss"]
[EventRounds "9"]
[EventCountry "CAN"]
[SourceTitle "EXT 2011"]
[Source "ChessBase"]
[SourceDate "2011.11.26"]
[SourceVersion "1"]
[SourceVersionDate "2011.11.26"]
[SourceQuality "1"]

1. e4 c5 2. Nf3 e6 3. d4 cxd4 4. Nxd4 a6 5. Bd3 Qb6 6. c3 Qc7 7. Be3 Nf6 8. Nd2 d6 9. Qe2 Be7 10. f4 Nbd7 11. N4b3 e5 12. f5 d5 13. g4 h6 14. Qg2 dxe4 15. Nxe4 Nxe4 16. Bxe4 Bh4+ 17. Bf2 Bxf2+ 18. Qxf2 Nf6 19. Bf3 e4 20. Qe2 O-O 21. Bg2 b5 22. Nd2 Bb7 23. O-O Rad8 24. Rad1 e3 25. Bxb7 Rxd2 26. Rxd2 exd2 27. Bf3 Qf4 28. h3 Re8 29. Qg2 Re1 30. Bd1 Qe3+ 31. Kh2 Rxf1 32. Qxf1 Qe1 33. Qf3 Ne4 34. Kg2 Nf2 35. Bc2 d1=Q 36. Qa8+ Kh7 37. f6+ 0-1

[Event "Quebec op U2400"]
[Site "Montreal CAN"]
[Date "2008.07.26"]
[Round "9"]
[White "Ramaswamy, Kishor"]
[Black "Audet-Bouchard, Nicolas"]
[Result "1/2-1/2"]
[WhiteElo "2125"]
[BlackElo "2154"]
[PlyCount "91"]
[GameId "2160767910353782"]
[EventDate "2008.07.19"]
[EventType "swiss"]
[EventRounds "9"]
[EventCountry "CAN"]
[SourceTitle "EXT 2011"]
[Source "ChessBase"]
[SourceDate "2011.11.26"]
[SourceVersion "1"]
[SourceVersionDate "2011.11.26"]
[SourceQuality "1"]

1. d4 Nf6 2. Nf3 c5 3. c3 d5 4. Bf4 Nc6 5. e3 Qb6 6. Qc1 Bf5 7. h3 Rc8 8. a3 h6 9. Nbd2 c4 10. Be2 e6 11. O-O Qd8 12. Re1 Bd6 13. Bd1 O-O 14. Bc2 Bxf4 15. exf4 Nh5 16. Bxf5 exf5 17. g3 Nf6 18. Ne5 Ne4 19. Nf1 Ne7 20. Ne3 f6 21. Nf3 g5 22. Ng2 Kg7 23. h4 Ng6 24. Qc2 gxf4 25. gxf4 Kh7 26. h5 Ne7 27. Nfh4 Rg8 28. Qe2 Rg7 29. Kh2 Qd7 30. Rg1 Rcg8 31. Ne3 Qd6 32. Rxg7+ Rxg7 33. Nhg2 b5 34. Nf1 Qb8 35. f3 Nd6 36. Qe6 Qg8 37. Qxg8+ Kxg8 38. Nfe3 a5 39. Nh4 Kf7 40. Re1 Rg8 41. Ng6 Ndc8 42. Rg1 Rd8 43. Kg2 Rg8 44. Kf2 Rd8 45. Rb1 a4 46. Rg1 1/2-1/2

[Event "Quebec op U2400"]
[Site "Montreal CAN"]
[Date "2008.07.26"]
[Round "9"]
[White "Robichaud, Louis"]
[Black "Forget, Luc"]
[Result "0-1"]
[WhiteElo "2129"]
[BlackElo "2063"]
[PlyCount "74"]
[GameId "2160767910353783"]
[EventDate "2008.07.19"]
[EventType "swiss"]
[EventRounds "9"]
[EventCountry "CAN"]
[SourceTitle "EXT 2011"]
[Source "ChessBase"]
[SourceDate "2011.11.26"]
[SourceVersion "1"]
[SourceVersionDate "2011.11.26"]
[SourceQuality "1"]

1. e4 e5 2. Nf3 Nc6 3. Bb5 a6 4. Ba4 Nf6 5. O-O Nxe4 6. d4 exd4 7. Re1 d5 8. Nxd4 Bd6 9. g3 O-O 10. Nxc6 bxc6 11. Bxc6 Bc5 12. Qxd5 Qxd5 13. Bxd5 Bxf2+ 14. Kg2 Bxe1 15. Bxa8 Bf5 16. Bxe4 Bxe4+ 17. Kf1 Ba5 18. Na3 Bb6 19. Bf4 f6 20. Re1 f5 21. Nc4 Rd8 22. Nxb6 cxb6 23. Bc7 Rc8 24. Be5 Rxc2 25. Rd1 Kf7 26. Rd6 g5 27. Rh6 g4 28. Rxb6 Rxh2 29. Ke1 Bd3 30. Bf4 h5 31. Rd6 Bb5 32. Rd2 Rh1+ 33. Kf2 h4 34. Ke3 Re1+ 35. Kd4 Re4+ 36. Kd5 Rxf4 37. gxf4 g3 0-1

[Event "Quebec op U2400"]
[Site "Montreal CAN"]
[Date "2008.07.26"]
[Round "9"]
[White "Voskanyan, Vahagn"]
[Black "Bluvshtein, Ilia"]
[Result "1-0"]
[WhiteElo "2253"]
[BlackElo "2117"]
[PlyCount "48"]
[GameId "2160767910353784"]
[EventDate "2008.07.19"]
[EventType "swiss"]
[EventRounds "9"]
[EventCountry "CAN"]
[SourceTitle "EXT 2011"]
[Source "ChessBase"]
[SourceDate "2011.11.26"]
[SourceVersion "1"]
[SourceVersionDate "2011.11.26"]
[SourceQuality "1"]

1. e4 e5 2. Nf3 Nc6 3. Nc3 Nf6 4. d4 exd4 5. Nxd4 Bb4 6. Nxc6 bxc6 7. Bd3 d5 8. exd5 cxd5 9. O-O O-O 10. Bg5 c6 11. Ne2 h6 12. Bh4 Rb8 13. Nd4 Rb6 14. Rb1 Bd6 15. Nf5 Be5 16. Re1 Bxb2 17. Rxb2 Rxb2 18. Ne7+ Kh8 19. Bxf6 gxf6 20. Qc1 Kg7 21. Qxb2 Re8 22. Qb4 a5 23. Qc5 Be6 24. Nxc6 Qc7 1-0

[Event "Quebec op U2400"]
[Site "Montreal CAN"]
[Date "2008.07.26"]
[Round "9"]
[White "Ye, Ling Feng"]
[Black "Barron, Michael"]
[Result "1-0"]
[WhiteElo "2197"]
[BlackElo "2251"]
[PlyCount "75"]
[GameId "2160767910353785"]
[EventDate "2008.07.19"]
[EventType "swiss"]
[EventRounds "9"]
[EventCountry "CAN"]
[SourceTitle "EXT 2011"]
[Source "ChessBase"]
[SourceDate "2011.11.26"]
[SourceVersion "1"]
[SourceVersionDate "2011.11.26"]
[SourceQuality "1"]

1. e4 e5 2. Nf3 Nc6 3. Bb5 a6 4. Bxc6 dxc6 5. O-O Qd6 6. Na3 Be6 7. Qe2 f6 8. Nc4 Qd7 9. Rd1 c5 10. c3 Qf7 11. b3 O-O-O 12. d4 cxd4 13. cxd4 exd4 14. Rxd4 Rxd4 15. Nxd4 Bxc4 16. bxc4 Bd6 17. Rb1 Ne7 18. Qb2 b6 19. Qe2 Kb7 20. Nb3 c5 21. Be3 Ka7 22. a4 Rb8 23. Rd1 Nc8 24. a5 Qc7 25. Qh5 g5 26. Qh3 bxa5 27. Bxc5+ Ka8 28. Bxd6 Nxd6 29. c5 Ne8 30. Qe6 Qc8 31. Qd5+ Qb7 32. Nxa5 Qxd5 33. exd5 Nc7 34. d6 Ne6 35. c6 Ka7 36. c7 Nxc7 37. Nc6+ Kb7 38. Nxb8 1-0

[Event "Quebec-ch"]
[Site "Montreal CAN"]
[Date "2008.12.03"]
[Round "1"]
[White "Barbeau, Sylvain"]
[Black "Voskanyan, Vahagn"]
[Result "1-0"]
[WhiteElo "2378"]
[BlackElo "2235"]
[PlyCount "65"]
[GameId "2160767910285994"]
[EventDate "2008.12.03"]
[EventType "tourn"]
[EventRounds "7"]
[EventCountry "CAN"]
[SourceTitle "EXT 2011"]
[Source "ChessBase"]
[SourceDate "2011.11.26"]
[SourceVersion "1"]
[SourceVersionDate "2011.11.26"]
[SourceQuality "1"]

1. e4 e6 2. d4 d5 3. e5 c5 4. c3 Nc6 5. Nf3 Bd7 6. Be2 Nge7 7. Na3 cxd4 8. cxd4 Nf5 9. Nc2 Rc8 10. O-O Be7 11. Bd3 g6 12. Kh1 h5 13. Bd2 Na5 14. b3 Qb6 15. Qe1 Nc6 16. Bc3 Qc7 17. Bb2 a6 18. Qd2 Qb6 19. Rfc1 Na7 20. Bc3 Nb5 21. Ba5 Qa7 22. Bxf5 gxf5 23. a4 Nc7 24. Nce1 b6 25. Bb4 Bxb4 26. Qxb4 a5 27. Qd2 Na6 28. Nd3 Rxc1+ 29. Rxc1 Qb8 30. Qg5 b5 31. Qg7 Rf8 32. Ng5 Ke7 33. Nf4 1-0